Le big bon mot (click quiz) - Statistiques

Statistiques générales
  • Ce quiz a été pris 79 fois
  • Le résultat moyen est 6 sur 8
Statistiques - réponses
Hint Réponse % Correct
Quand on voit des quiz pourris comme les miens, ça fait de la .......... Pen
93%
Un JetPunk d'or, ça ne s'obtient pas au festival de .......... Can
91%
Tu crains avec ton .......... léopard ! Sleep
78%
.......... est moche ton pantalon à pattes d'éléphant ! Kill
74%
Un porc-épic, ce n'est vraiment pas très .......... Do
72%
Il est .......... de son mange disque. Food
68%
.......... seulement la vaseline coûtait moins cher ! See
65%
Cela fait combien de temps que tu n'as pas eu de .......... ? Make
42%
Aucun quiz correspondant
Distribution des résultats
% des personnes avec chaque résultat
Percentile par nombre de réponses
Votre historique - résultats
Vous n’avez pas pris ce quiz